[Event "NZL-ch op 131st"]
[Site "Palmerston North"]
[Date "2024.01.10"]
[Round "9.1"]
[White "Middelburg, Tom"]
[Black "Renjith, Sravan"]
[Result "1/2-1/2"]
[WhiteElo "2358"]
[BlackElo "2257"]
[PlyCount "65"]
[EventDate "2024.01.02"]
[EventType "swiss"]
[EventRounds "9"]
[EventCountry "NZL"]
[SourceTitle "CB03_2024"]
[SourceDate "2024.01.17"]
[SourceVersion "1"]
[SourceVersionDate "2024.01.17"]
[SourceQuality "1"]

1. d4 d5 2. c4 e6 3. Nf3 c5 4. cxd5 exd5 5. g3 Nf6 6. Bg2 Nc6 7. 0-0 Be7 8. Nc3 0-0 9. dxc5 Bxc5 10. a3 a5 11. Bg5 d4 12. Bxf6 Qxf6 13. Ne4 Qe7 14. Nxc5 Qxc5 15. Rc1 Qb6 16. Qc2 h6 17. Ne1 Re8 18. Nd3 Bf5 19. Qc5 Qxc5 20. Rxc5 Be4 21. Bxe4 Rxe4 22. Rc2 Rae8 23. Re1 Ne5 24. Nxe5 R8xe5 25. Rd2 Rb5 26. Rc1 Re6 27. Kf1 Reb6 28. Rc8+ Kh7 29. Ra8 Rxb2 30. Rxb2 Rxb2 31. Rxa5 Rb1+ 32. Kg2 Rb3 33. Ra4 1/2-1/2

[Event "NZL-ch op 131st"]
[Site "Palmerston North"]
[Date "2024.01.07"]
[Round "6"]
[White "Dive, Russell John"]
[Black "Middelburg, Tom"]
[Result "0-1"]
[WhiteElo "2194"]
[BlackElo "2358"]
[PlyCount "62"]
[EventDate "2024.01.02"]
[EventType "swiss"]
[EventRounds "9"]
[EventCountry "NZL"]
[SourceTitle "CB03_2024"]
[SourceDate "2024.01.17"]
[SourceVersion "1"]
[SourceVersionDate "2024.01.17"]
[SourceQuality "1"]

1. c4 Nf6 2. g3 e6 3. Bg2 d5 4. Nf3 dxc4 5. Qa4+ Nbd7 6. Qxc4 a6 7. Qc2 c5 8. 0-0 b5 9. a4 Bb7 10. Nc3 Qb6 11. axb5 axb5 12. Rxa8+ Bxa8 13. Nh4 Bxg2 14. Nxg2 Qc6 15. Qb3 b4 16. Qa4 Qc8 17. Nb1 c4 18. Ne3 Nd5 19. Nxd5 exd5 20. d3 Bc5 21. dxc4 0-0 22. cxd5 Nf6 23. Qb3 Re8 24. Bg5 Rxe2 25. Qd3 Rxf2 26. Rxf2 Ng4 27. Qf3 Nxf2 28. Be3 Ng4 29. Bxc5 Qxc5+ 30. Kg2 Qc2+ 31. Kh3 h5 0-1

[Event "NZL-ch op 131st"]
[Site "Palmerston North"]
[Date "2024.01.04"]
[Round "3"]
[White "Middelburg, Tom"]
[Black "Chang, Yolanda"]
[Result "1-0"]
[WhiteElo "2358"]
[BlackElo "1595"]
[PlyCount "29"]
[EventDate "2024.01.02"]
[EventType "swiss"]
[EventRounds "9"]
[EventCountry "NZL"]
[SourceTitle "CB03_2024"]
[SourceDate "2024.01.17"]
[SourceVersion "1"]
[SourceVersionDate "2024.01.17"]
[SourceQuality "1"]

1. e4 c6 2. d4 d5 3. Nc3 dxe4 4. Nxe4 Nf6 5. Nxf6+ exf6 6. c3 Bd6 7. Bd3 0-0 8. Qc2 Re8+ 9. Ne2 h5 10. 0-0 h4 11. Bf4 Rxe2 12. Qxe2 Bxf4 13. Qe4 g5 14. Qh7+ Kf8 15. Rae1 1-0

[Event "North Island-ch Staurt Memorial"]
[Site "Auckland"]
[Date "2023.07.16"]
[Round "7"]
[White "Middelburg, Tom"]
[Black "Cilia Vincenti, David"]
[Result "1/2-1/2"]
[WhiteElo "2370"]
[BlackElo "1929"]
[PlyCount "40"]
[EventDate "2023.07.13"]
[EventType "swiss"]
[EventRounds "8"]
[EventCountry "NZL"]
[SourceTitle "EXT 2024"]
[Source "ChessBase"]
[SourceDate "2023.10.10"]
[SourceVersion "1"]
[SourceVersionDate "2023.10.10"]
[SourceQuality "1"]

1. e4 c5 2. Nf3 Nc6 3. d4 cxd4 4. Nxd4 e5 5. Nb5 d6 6. c4 Be6 7. N1c3 a6 8. Na3 g6 9. Be3 Bg7 10. Nc2 Nf6 11. Be2 0-0 12. 0-0 Rc8 13. b3 b5 14. cxb5 axb5 15. Bxb5 Na7 16. Bc4 Bxc4 17. bxc4 Rxc4 18. Nd5 Nxd5 19. Qxd5 Rxc2 20. Bxa7 Qa8 1/2-1/2

[Event "North Island-ch Staurt Memorial"]
[Site "Auckland"]
[Date "2023.07.15"]
[Round "5"]
[White "Middelburg, Tom"]
[Black "McLaren, Leonard"]
[Result "1-0"]
[WhiteElo "2370"]
[BlackElo "2056"]
[PlyCount "71"]
[EventDate "2023.07.13"]
[EventType "swiss"]
[EventRounds "8"]
[EventCountry "NZL"]
[SourceTitle "EXT 2024"]
[Source "ChessBase"]
[SourceDate "2023.10.10"]
[SourceVersion "1"]
[SourceVersionDate "2023.10.10"]
[SourceQuality "1"]

1. e4 c5 2. Nf3 Nc6 3. d4 cxd4 4. Nxd4 e5 5. Nb5 d6 6. c4 Be7 7. N1c3 a6 8. Na3 Nf6 9. Be2 0-0 10. Be3 Be6 11. 0-0 Rc8 12. Rc1 Re8 13. Qd3 Na5 14. Nd5 Nd7 15. Rfd1 Bg5 16. b4 Nc6 17. Nc2 Bxe3 18. Qxe3 Bxd5 19. cxd5 Ne7 20. Na3 b5 21. Qa7 Ra8 22. Qc7 Nf6 23. f3 Rc8 24. Qxd8 Rexd8 25. Nb1 Nd7 26. a4 a5 27. Rxc8 Nxc8 28. bxa5 bxa4 29. Nc3 Nc5 30. Ra1 Ne7 31. Nxa4 Nb3 32. Ra3 Nxa5 33. Nb6 Nb7 34. Ra7 Rb8 35. Nd7 Nc8 36. Ra1 1-0

[Event "NED-chT 0809"]
[Site "Netherlands"]
[Date "2008.11.22"]
[Round "3.6"]
[White "Schebler, Gerhard"]
[Black "Middelburg, Tom"]
[Result "1-0"]
[WhiteElo "2453"]
[BlackElo "2387"]
[PlyCount "45"]
[EventDate "2008.09.27"]
[EventType "team-tourn"]
[EventRounds "9"]
[EventCountry "NED"]
[SourceTitle "EXT 2010"]
[Source "ChessBase"]
[SourceDate "2010.11.25"]
[SourceVersion "1"]
[SourceVersionDate "2010.11.25"]
[SourceQuality "1"]
[WhiteTeam "Voerendaal"]
[BlackTeam "Leiden LSG"]
[WhiteTeamCountry "NED"]
[BlackTeamCountry "NED"]

1. Nf3 d5 2. g3 c6 3. Bg2 Nf6 4. c4 Bf5 5. cxd5 cxd5 6. Qb3 Qc8 7. Nc3 e6 8. 0-0 Nc6 9. d3 Be7 10. Bf4 0-0 11. Rac1 h6 12. Nb5 Rd8 13. Nbd4 Bh7 14. Qa4 Nxd4 15. Qxd4 Qd7 16. Rc7 Qe8 17. Rxb7 Nd7 18. Rc1 Rdc8 19. Qa4 Rxc1+ 20. Bxc1 Qc8 21. Qxd7 Qxc1+ 22. Bf1 Bf6 23. Rc7 1-0

[Event "EU-Cup 24th"]
[Site "Kallithea"]
[Date "2008.10.23"]
[Round "7"]
[White "Middelburg, Tom"]
[Black "Bauer, Christian"]
[Result "0-1"]
[WhiteElo "2388"]
[BlackElo "2592"]
[PlyCount "105"]
[EventDate "2008.10.17"]
[EventType "team-swiss"]
[EventRounds "7"]
[EventCountry "GRE"]
[SourceTitle "CBM 127"]
[Source "ChessBase"]
[SourceDate "2008.11.13"]
[SourceVersion "1"]
[SourceVersionDate "2008.11.13"]
[SourceQuality "1"]
[WhiteTeam "Leiden LSG"]
[BlackTeam "Iretza Gros"]
[WhiteTeamCountry "NED"]
[BlackTeamCountry "ESP"]

1. e4 c5 2. Nf3 b6 3. d4 cxd4 4. Nxd4 Bb7 5. Nc3 a6 6. Be3 e6 7. Qd2 Qc7 8. f3 Nf6 9. 0-0-0 Bb4 10. Nde2 d5 11. e5 Nfd7 12. f4 Nc6 13. Qe1 Rc8 14. Kb1 Na5 15. Bd4 0-0 16. h4 Nc6 17. Be3 f6 18. exf6 Nxf6 19. a3 Bc5 20. Rh3 Ng4 21. Bxc5 bxc5 22. Na4 Qa5 23. Qxa5 Nxa5 24. Re1 Nc4 25. Rg3 Nge3 26. Rc1 d4 27. Rg5 Bd5 28. Ng3 h6 29. Rg6 Nxf1 30. Rxf1 Kh7 31. h5 Ne3 32. Rf2 Rc6 33. f5 c4 34. Ne2 e5 35. Nb6 Rc7 36. Nxd5 Nxd5 37. Re6 Ne3 38. Rf3 Rc5 39. Ng3 c3 40. b4 Rd5 41. Ne4 Nxg2 42. f6 Nf4 43. Re7 d3 44. Nxc3 Rd4 45. Rxg7+ Kh8 46. Rg6 d2 47. Nd1 Nxg6 48. hxg6 Kg8 49. Rf5 h5 50. f7+ Kg7 51. Rxh5 Kxg6 52. Rh2 Rxf7 53. Rg2+ 0-1

[Event "NED-chT 0506"]
[Site "Netherlands"]
[Date "2006.02.04"]
[Round "6.4"]
[White "Brenninkmeijer, Joris"]
[Black "Middelburg, Tom"]
[Result "1/2-1/2"]
[WhiteElo "2511"]
[BlackElo "2413"]
[PlyCount "123"]
[EventDate "2005.09.24"]
[EventType "team"]
[EventRounds "9"]
[EventCountry "NED"]
[SourceTitle "EXT 2007"]
[Source "ChessBase"]
[SourceDate "2006.11.23"]
[SourceVersion "1"]
[SourceVersionDate "2006.11.23"]
[SourceQuality "1"]
[WhiteTeam "Groningen Hotels"]
[BlackTeam "Leiden LSG"]
[WhiteTeamCountry "NED"]
[BlackTeamCountry "NED"]

1. d4 d5 2. c4 c6 3. Nc3 Nf6 4. e3 e6 5. Nf3 Nbd7 6. Qc2 Bd6 7. Be2 0-0 8. 0-0 Qe7 9. Rd1 dxc4 10. Bxc4 b5 11. Be2 Bb7 12. a3 a6 13. e4 e5 14. dxe5 Nxe5 15. Nd4 Bc5 16. Nf5 Qc7 17. h3 Bc8 18. Be3 Bxe3 19. Nxe3 Be6 20. Ncd5 Bxd5 21. exd5 c5 22. d6 Qb6 23. Qf5 Nc6 24. Qg5 h6 25. Qf4 Rae8 26. Bf3 Nd4 27. b4 Re4 28. Qg3 cxb4 29. axb4 Re6 30. Kh1 Qxd6 31. Qxd6 Rxd6 32. Nd5 Nc2 33. Ne7+ Kh8 34. Rxd6 Nxa1 35. Rxa6 Nc2 36. Nc6 Ne1 37. Rb6 Nxf3 38. gxf3 Rc8 39. Ne5 Rc2 40. Kg2 Nd5 41. Rxb5 Nf4+ 42. Kg3 Ne2+ 43. Kh2 f6 44. Rc5 Rb2 45. Nd3 Rb3 46. Rd5 g5 47. Rd7 Kg8 48. Rd6 Kf7 49. Rd5 Kg6 50. Rd7 h5 51. Rd6 Kg7 52. Rd8 Kf7 53. Rd5 Kg6 54. Rd7 Kh6 55. Rd5 Kg6 56. Rd6 Kf7 57. h4 gxh4 58. f4 Kg6 59. Rd5 Kh6 60. b5 Nc3 61. Rd6 Nxb5 62. Rxf6+ 1/2-1/2

[Event "Stork Young Masters"]
[Site "Hengelo"]
[Date "2003.08.09"]
[Round "9"]
[White "Middelburg, Tom"]
[Black "Seifert, Volker"]
[Result "1/2-1/2"]
[WhiteElo "2396"]
[BlackElo "2371"]
[PlyCount "73"]
[EventDate "2003.08.04"]
[EventType "tourn"]
[EventRounds "9"]
[EventCountry "NED"]
[EventCategory "5"]
[SourceTitle "CBM 095 Extra"]
[Source "ChessBase"]
[SourceDate "2003.09.04"]
[SourceVersion "1"]
[SourceVersionDate "2003.09.04"]
[SourceQuality "1"]

1. e4 e6 2. d4 d5 3. Nc3 Bb4 4. e5 Ne7 5. Nf3 c5 6. dxc5 Nd7 7. Bd3 Nc6 8. 0-0 Bxc3 9. bxc3 Ndxe5 10. Nxe5 Nxe5 11. Bf4 Nxd3 12. cxd3 0-0 13. d4 Bd7 14. Re1 f6 15. Bd6 Rf7 16. Re3 b6 17. Rb1 bxc5 18. dxc5 Qc8 19. Rb4 Qc6 20. f4 Re8 21. c4 dxc4 22. Rxc4 Bc8 23. Qa4 Bb7 24. Qxc6 Bxc6 25. Rb4 Rb7 26. Rxb7 Bxb7 27. Ra3 Ra8 28. Rb3 Bd5 29. Rb2 Rd8 30. a3 Kf7 31. Kf2 Rd7 32. Bb8 Bc6 33. Ke3 h5 34. g3 Kg6 35. Bd6 Rb7 36. Rxb7 Bxb7 37. Bf8 1/2-1/2

[Event "Stork Young Masters"]
[Site "Hengelo"]
[Date "2003.08.05"]
[Round "3"]
[White "Middelburg, Tom"]
[Black "Michiels, Bart"]
[Result "1-0"]
[WhiteElo "2396"]
[BlackElo "2376"]
[PlyCount "57"]
[EventDate "2003.08.04"]
[EventType "tourn"]
[EventRounds "9"]
[EventCountry "NED"]
[EventCategory "5"]
[SourceTitle "CBM 095 Extra"]
[Source "ChessBase"]
[SourceDate "2003.09.04"]
[SourceVersion "1"]
[SourceVersionDate "2003.09.04"]
[SourceQuality "1"]

1. e4 e6 2. d4 d5 3. Nc3 Nf6 4. Bg5 Bb4 5. e5 h6 6. Bd2 Bxc3 7. bxc3 Ne4 8. Qg4 g6 9. Bd3 Bd7 10. Bc1 c5 11. Ne2 cxd4 12. cxd4 Qc7 13. 0-0 Na6 14. Rb1 0-0-0 15. f3 Nc3 16. Nxc3 Qxc3 17. Rb3 Qc7 18. Qf4 Bc6 19. Bxa6 bxa6 20. Ba3 Bb5 21. Bd6 Qc4 22. Rfb1 Rd7 23. Qd2 Kb7 24. Rb4 Qxa2 25. Qc3 Qa5 26. Rxb5+ Qxb5 27. Rxb5+ axb5 28. Qa5 a6 29. Bc5 1-0

[Event "Smith & Williamson YM 12th"]
[Site "Millfield"]
[Date "2002.07.15"]
[Round "7"]
[White "Middelburg, Tom"]
[Black "Palliser, Richard"]
[Result "1/2-1/2"]
[WhiteElo "2382"]
[BlackElo "2441"]
[PlyCount "67"]
[EventDate "2002.07.10"]
[EventType "swiss"]
[EventRounds "9"]
[EventCountry "ENG"]
[SourceTitle "CBM 089 Extra"]
[Source "ChessBase"]
[SourceDate "2002.09.10"]
[SourceVersion "2"]
[SourceVersionDate "2002.09.10"]
[SourceQuality "1"]

1. e4 c5 2. Nf3 d6 3. d4 cxd4 4. Nxd4 Nf6 5. Nc3 a6 6. f4 e5 7. Nf3 Nbd7 8. Bd3 Be7 9. 0-0 0-0 10. Kh1 b5 11. a3 Bb7 12. Qe1 Re8 13. fxe5 Nxe5 14. Qg3 Ng6 15. Bd2 Nh5 16. Qf2 Nf6 17. Rae1 Rc8 18. Nd4 Qd7 19. Nf5 Bd8 20. Qd4 Re6 21. Re3 Ne8 22. Rh3 Bf6 23. Qf2 Bxc3 24. Bxc3 Rxc3 25. bxc3 Bxe4 26. Bxe4 Rxe4 27. Rf3 Ne5 28. Rg3 g6 29. Qd2 Nc4 30. Qg5 f6 31. Nh6+ Kg7 32. Nf5+ Kg8 33. Nh6+ Kg7 34. Nf5+ 1/2-1/2

[Event "Smith & Williamson YM 12th"]
[Site "Millfield"]
[Date "2002.07.11"]
[Round "2"]
[White "Middelburg, Tom"]
[Black "Williams, Simon Kim"]
[Result "1/2-1/2"]
[WhiteElo "2382"]
[BlackElo "2421"]
[PlyCount "125"]
[EventDate "2002.07.10"]
[EventType "swiss"]
[EventRounds "9"]
[EventCountry "ENG"]
[SourceTitle "CBM 089 Extra"]
[Source "ChessBase"]
[SourceDate "2002.09.10"]
[SourceVersion "2"]
[SourceVersionDate "2002.09.10"]
[SourceQuality "1"]

1. e4 c5 2. Nf3 d6 3. d4 Nf6 4. Nc3 cxd4 5. Nxd4 g6 6. Bc4 Bg7 7. 0-0 Nc6 8. Re1 0-0 9. h3 a6 10. Bb3 Bd7 11. Bg5 h6 12. Be3 Kh7 13. Qf3 Rc8 14. Rad1 Ne5 15. Qe2 b5 16. Bc1 Nc4 17. Nd5 Rc5 18. c3 Re8 19. Nf3 Bc6 20. Nxf6+ exf6 21. Qd3 Qa8 22. Bxc4 Rxc4 23. Nd2 Rc5 24. Qxd6 Rce5 25. Nf3 R5e6 26. Qg3 Bxe4 27. Nd4 R6e7 28. f3 Bb7 29. Rxe7 Rxe7 30. Re1 Qe8 31. Rxe7 Qxe7 32. Qf2 f5 33. Ne2 Bd5 34. b3 a5 35. Be3 a4 36. Nf4 Qb7 37. Nxd5 Qxd5 38. Qc2 Qe5 39. Kf2 Bf6 40. f4 Bh4+ 41. Ke2 Qe6 42. bxa4 Qc4+ 43. Kd2 bxa4 44. Bd4 Bg3 45. Ke3 h5 46. Qb2 Qc6 47. Qc2 f6 48. c4 Qe6+ 49. Kf3 h4 50. c5 g5 51. fxg5 fxg5 52. Bf2 Qd5+ 53. Ke2 Qe5+ 54. Kf1 Qa1+ 55. Ke2 Qe5+ 56. Kf1 Kg6 57. Bxg3 hxg3 58. c6 Qf4+ 59. Ke1 Qe3+ 60. Kf1 Qf4+ 61. Ke2 Qe5+ 62. Kd2 Qd4+ 63. Ke2 1/2-1/2